<?xml version="1.0" encoding="UTF-8"?>
<record
    xmlns:xsi="http://www.w3.org/2001/XMLSchema-instance"
    xsi:schemaLocation="http://www.loc.gov/MARC21/slim http://www.loc.gov/standards/marcxml/schema/MARC21slim.xsd"
    xmlns="http://www.loc.gov/MARC21/slim">

  <leader>00912nam a22002177a 4500</leader>
  <controlfield tag="005">20260209155256.0</controlfield>
  <controlfield tag="008">260209b        |||||||| |||| 00| 0 eng d</controlfield>
  <datafield tag="020" ind1=" " ind2=" ">
    <subfield code="a">9789353507664</subfield>
  </datafield>
  <datafield tag="040" ind1=" " ind2=" ">
    <subfield code="c">VITAP</subfield>
  </datafield>
  <datafield tag="082" ind1=" " ind2=" ">
    <subfield code="2">23rd Ed.</subfield>
    <subfield code="a">658.84 CZI</subfield>
  </datafield>
  <datafield tag="100" ind1=" " ind2=" ">
    <subfield code="a">Czinkota, Michael R.</subfield>
    <subfield code="9">17043</subfield>
  </datafield>
  <datafield tag="245" ind1=" " ind2=" ">
    <subfield code="a">International Marketing</subfield>
    <subfield code="c">/ Michael R. Czinkota, Ilkka A. Ronkainen and Annie Peng Cui</subfield>
  </datafield>
  <datafield tag="250" ind1=" " ind2=" ">
    <subfield code="a">11th Ed.</subfield>
  </datafield>
  <datafield tag="260" ind1=" " ind2=" ">
    <subfield code="a">New Delhi</subfield>
    <subfield code="b">Cengage Learning India Pvt. Ltd.</subfield>
    <subfield code="c">2024</subfield>
  </datafield>
  <datafield tag="300" ind1=" " ind2=" ">
    <subfield code="a">xxix, 604p. : ill. ; 27cm</subfield>
  </datafield>
  <datafield tag="500" ind1=" " ind2=" ">
    <subfield code="a">It includes Index Pages.</subfield>
  </datafield>
  <datafield tag="650" ind1=" " ind2="0">
    <subfield code="a">International marketing;  Marketing - International aspects;  Marketing research - International aspects;  Exports and imports (especially relating to marketing);  Global marketing strategies;  Consumer behaviour - International markets</subfield>
    <subfield code="9">17044</subfield>
  </datafield>
  <datafield tag="700" ind1=" " ind2=" ">
    <subfield code="a">Ronkainen, Ilkka A.</subfield>
    <subfield code="9">17045</subfield>
  </datafield>
  <datafield tag="700" ind1=" " ind2=" ">
    <subfield code="a">Cui, Annie Peng</subfield>
    <subfield code="9">17046</subfield>
  </datafield>
  <datafield tag="942" ind1=" " ind2=" ">
    <subfield code="2">ddc</subfield>
    <subfield code="c">BK</subfield>
  </datafield>
  <datafield tag="999" ind1=" " ind2=" ">
    <subfield code="c">47256</subfield>
    <subfield code="d">47256</subfield>
  </datafield>
  <datafield tag="952" ind1=" " ind2=" ">
    <subfield code="0">0</subfield>
    <subfield code="1">0</subfield>
    <subfield code="2">ddc</subfield>
    <subfield code="3">Paper Back</subfield>
    <subfield code="4">0</subfield>
    <subfield code="7">0</subfield>
    <subfield code="8">REF</subfield>
    <subfield code="a">VSB</subfield>
    <subfield code="b">VITAP</subfield>
    <subfield code="c">REF</subfield>
    <subfield code="d">2026-01-31</subfield>
    <subfield code="e">Syamala Book Links, Visakhapatnam</subfield>
    <subfield code="g">910.00</subfield>
    <subfield code="i">SBL151</subfield>
    <subfield code="l">0</subfield>
    <subfield code="o">658.84 CZI</subfield>
    <subfield code="p">025442</subfield>
    <subfield code="r">2026-02-09 15:54:00</subfield>
    <subfield code="v">910.00</subfield>
    <subfield code="w">2026-01-31</subfield>
    <subfield code="y">REF</subfield>
    <subfield code="z">MGT</subfield>
  </datafield>
  <datafield tag="952" ind1=" " ind2=" ">
    <subfield code="0">0</subfield>
    <subfield code="1">0</subfield>
    <subfield code="2">ddc</subfield>
    <subfield code="3">Paper Back</subfield>
    <subfield code="4">0</subfield>
    <subfield code="7">0</subfield>
    <subfield code="a">VSB</subfield>
    <subfield code="b">VITAP</subfield>
    <subfield code="c">GEN</subfield>
    <subfield code="d">2026-01-31</subfield>
    <subfield code="e">Syamala Book Links, Visakhapatnam</subfield>
    <subfield code="g">910.00</subfield>
    <subfield code="i">SBL151</subfield>
    <subfield code="l">0</subfield>
    <subfield code="o">658.84 CZI</subfield>
    <subfield code="p">025443</subfield>
    <subfield code="r">2026-02-09 15:54:05</subfield>
    <subfield code="v">910.00</subfield>
    <subfield code="w">2026-01-31</subfield>
    <subfield code="y">BK</subfield>
    <subfield code="z">MGT</subfield>
  </datafield>
  <datafield tag="952" ind1=" " ind2=" ">
    <subfield code="0">0</subfield>
    <subfield code="1">0</subfield>
    <subfield code="2">ddc</subfield>
    <subfield code="3">Paper Back</subfield>
    <subfield code="4">0</subfield>
    <subfield code="7">0</subfield>
    <subfield code="a">VSB</subfield>
    <subfield code="b">VITAP</subfield>
    <subfield code="c">GEN</subfield>
    <subfield code="d">2026-01-31</subfield>
    <subfield code="e">Syamala Book Links, Visakhapatnam</subfield>
    <subfield code="g">910.00</subfield>
    <subfield code="i">SBL151</subfield>
    <subfield code="l">0</subfield>
    <subfield code="o">658.84 CZI</subfield>
    <subfield code="p">025444</subfield>
    <subfield code="r">2026-02-09 15:54:05</subfield>
    <subfield code="v">910.00</subfield>
    <subfield code="w">2026-01-31</subfield>
    <subfield code="y">BK</subfield>
    <subfield code="z">MGT</subfield>
  </datafield>
</record>
